[Event "TKM-ch"]
[Site "Ashkhabad"]
[Date "2000.05.22"]
[Round "10"]
[White "Ovezov, Artek"]
[Black "Geldyev, Kochmurad"]
[Result "1/2-1/2"]
[WhiteElo "2305"]
[BlackElo "2308"]
[PlyCount "26"]
[EventDate "2000.05.12"]
[EventType "tourn"]
[EventRounds "13"]
[EventCountry "TKM"]
[EventCategory "3"]
[SourceTitle "CBM 076 Extra"]
[Source "ChessBase"]
[SourceDate "2000.07.11"]
[SourceVersion "1"]
[SourceVersionDate "2000.07.11"]
[SourceQuality "1"]

1. e4 c5 2. Nf3 d6 3. d4 cxd4 4. Nxd4 Nf6 5. Nc3 a6 6. Be2 e5 7. Nf3 h6 8. h3 Be7 9. Be3 Be6 10. 0-0 0-0 11. Qd3 Nbd7 12. Rad1 Rc8 13. Qd2 Qc7 1/2-1/2

[Event "TKM-ch"]
[Site "Ashkhabad"]
[Date "2000.05.14"]
[Round "3"]
[White "Geldyev, Kochmurad"]
[Black "Grigoryan, Karen"]
[Result "1/2-1/2"]
[WhiteElo "2308"]
[BlackElo "2362"]
[PlyCount "34"]
[EventDate "2000.05.12"]
[EventType "tourn"]
[EventRounds "13"]
[EventCountry "TKM"]
[EventCategory "3"]
[SourceTitle "CBM 076 Extra"]
[Source "ChessBase"]
[SourceDate "2000.07.11"]
[SourceVersion "1"]
[SourceVersionDate "2000.07.11"]
[SourceQuality "1"]

1. e4 c5 2. Nf3 e6 3. d4 cxd4 4. Nxd4 Nc6 5. Nc3 Qc7 6. Be2 Nf6 7. 0-0 a6 8. Be3 Be7 9. f4 d6 10. a4 0-0 11. Kh1 Re8 12. Bf3 Rb8 13. Qd2 Na5 14. Qf2 Nc4 15. Bc1 e5 16. Nde2 exf4 17. Nxf4 Be6 1/2-1/2

[Event "TKM-ch"]
[Site "Ashkhabad"]
[Date "2000.05.13"]
[Round "2"]
[White "Kudriashov, Anatoli"]
[Black "Geldyev, Kochmurad"]
[Result "1/2-1/2"]
[WhiteElo "2368"]
[BlackElo "2308"]
[PlyCount "95"]
[EventDate "2000.05.12"]
[EventType "tourn"]
[EventRounds "13"]
[EventCountry "TKM"]
[EventCategory "3"]
[SourceTitle "CBM 076 Extra"]
[Source "ChessBase"]
[SourceDate "2000.07.11"]
[SourceVersion "1"]
[SourceVersionDate "2000.07.11"]
[SourceQuality "1"]

1. e4 c5 2. Nf3 d6 3. d4 cxd4 4. Nxd4 Nf6 5. Nc3 a6 6. Bg5 e6 7. f4 Be7 8. Qf3 Qc7 9. 0-0-0 Nbd7 10. g4 b5 11. Bxf6 Nxf6 12. a3 Rb8 13. f5 e5 14. Nb3 Bb7 15. g5 Nd7 16. Rg1 Nc5 17. Nd5 Bxd5 18. Rxd5 Nd7 19. h4 b4 20. axb4 Rxb4 21. Rg3 Qc6 22. Bg2 h6 23. Qh5 Qb6 24. f6 Bxf6 25. gxf6 Nxf6 26. Qd1 Nxd5 27. Qxd5 0-0 28. Rf3 a5 29. Bf1 a4 30. Nd2 Rd4 31. Qb5 Qxb5 32. Bxb5 Rb4 33. c4 f5 34. Rd3 fxe4 35. Nxe4 Rb3 36. Rxb3 axb3 37. Nxd6 Rf2 38. Ba4 Rc2+ 39. Kd1 Rxb2 40. c5 Rb1+ 41. Kd2 b2 42. Bc2 Ra1 43. c6 Ra6 44. Nc4 Rxc6 45. Nxb2 g5 46. hxg5 hxg5 47. Nd3 e4 48. Ne1 1/2-1/2

[Event "Asia Cities-ch 12th"]
[Site "Beirut"]
[Date "2000.03.23"]
[Round "7"]
[White "Geldyev, Kochmurad"]
[Black "Abbasifar, Hasan"]
[Result "0-1"]
[WhiteElo "2308"]
[BlackElo "2384"]
[PlyCount "58"]
[EventDate "2000.03.19"]
[EventType "team-swiss"]
[EventRounds "9"]
[EventCountry "LBN"]
[SourceTitle "EXT 2020"]
[Source "ChessBase"]
[SourceDate "2019.10.17"]
[SourceVersion "1"]
[SourceVersionDate "2019.10.17"]
[SourceQuality "1"]
[WhiteTeam "Askhabat"]
[BlackTeam "Gorgan"]
[WhiteTeamCountry "TKM"]
[BlackTeamCountry "IRI"]

1. e4 e5 2. Nf3 d6 3. d4 Nd7 4. Bc4 c6 5. 0-0 Be7 6. a4 Ngf6 7. Nc3 h6 8. Qe2 Qc7 9. Rd1 Nf8 10. Nh4 g6 11. f4 exf4 12. Bxf4 Nh5 13. Qf2 Nxf4 14. Qxf4 Be6 15. Bxe6 fxe6 16. Nf3 g5 17. Qe3 Ng6 18. d5 e5 19. dxc6 bxc6 20. b4 g4 21. Ne1 Bg5 22. Qd3 Qb6+ 23. Kh1 0-0 24. Qc4+ d5 25. exd5 Qxb4 26. Qd3 e4 27. Nxe4 Qxe4 28. dxc6 Qxc6 29. Qb3+ Kh8 0-1

[Event "Asia Cities-ch 12th"]
[Site "Beirut"]
[Date "2000.03.21"]
[Round "4"]
[White "Geldyev, Kochmurad"]
[Black "Ibragimov, Alibek"]
[Result "1/2-1/2"]
[WhiteElo "2308"]
[BlackElo "2441"]
[PlyCount "62"]
[EventDate "2000.03.19"]
[EventType "team-swiss"]
[EventRounds "9"]
[EventCountry "LBN"]
[SourceTitle "EXT 2020"]
[Source "ChessBase"]
[SourceDate "2019.10.17"]
[SourceVersion "1"]
[SourceVersionDate "2019.10.17"]
[SourceQuality "1"]
[WhiteTeam "Askhabat"]
[BlackTeam "Pavlodar"]
[WhiteTeamCountry "TKM"]
[BlackTeamCountry "KAZ"]

1. e4 e5 2. Nf3 Nc6 3. Bb5 a6 4. Ba4 Nf6 5. 0-0 b5 6. Bb3 Bb7 7. Re1 Bc5 8. c3 d6 9. d4 Bb6 10. Be3 h6 11. h3 0-0 12. Nbd2 Re8 13. Qb1 Qd7 14. a4 exd4 15. cxd4 Nb4 16. d5 Ba5 17. Bd4 Nh5 18. axb5 axb5 19. Rxa5 Rxa5 20. Bc3 c5 21. dxc6 Nxc6 22. Bxa5 Nxa5 23. Ba2 Nc6 24. Qd1 Nf6 25. Qb3 Ne5 26. Nd4 Ra8 27. Bb1 Ra1 28. Qxb5 Qxb5 29. Nxb5 Bxe4 30. Nxe4 Nxe4 31. Na3 f5 1/2-1/2

[Event "Asia Cities-ch 12th"]
[Site "Beirut"]
[Date "2000.03.21"]
[Round "5"]
[White "Geldyev, Kochmurad"]
[Black "Kayumov, Dimitry"]
[Result "1/2-1/2"]
[WhiteElo "2308"]
[BlackElo "2475"]
[PlyCount "75"]
[EventDate "2000.03.19"]
[EventType "team-swiss"]
[EventRounds "9"]
[EventCountry "LBN"]
[SourceTitle "EXT 2020"]
[Source "ChessBase"]
[SourceDate "2019.10.17"]
[SourceVersion "1"]
[SourceVersionDate "2019.10.17"]
[SourceQuality "1"]
[WhiteTeam "Askhabat"]
[BlackTeam "Namangan"]
[WhiteTeamCountry "TKM"]
[BlackTeamCountry "UZB"]

1. e4 e5 2. Nf3 Nc6 3. Bb5 a6 4. Ba4 Nf6 5. 0-0 Be7 6. Re1 b5 7. Bb3 d6 8. c3 0-0 9. h3 Na5 10. Bc2 c5 11. d4 Nc6 12. Nbd2 cxd4 13. cxd4 exd4 14. Nb3 d3 15. Bxd3 Bb7 16. Bf4 Re8 17. Rc1 Bf8 18. Bb1 h6 19. Nbd4 Ne5 20. Nf5 Kh8 21. Qb3 Nxf3+ 22. Qxf3 d5 23. e5 Ne4 24. Ng3 f6 25. Nxe4 dxe4 26. Bxe4 Bxe4 27. Rxe4 Qd5 28. Rce1 fxe5 29. Bxe5 Red8 30. Bxg7+ Kxg7 31. Rg4+ Kh7 32. Qf6 Rd7 33. Re6 Bg7 34. Qg6+ Kh8 35. Re8+ Rxe8 36. Qxe8+ Kh7 37. Qg6+ Kh8 38. Qe8+ 1/2-1/2

[Event "Asia Cities-ch 12th"]
[Site "Beirut"]
[Date "2000.03.20"]
[Round "3"]
[White "Obada, Ahmad Azeezjawad"]
[Black "Geldyev, Kochmurad"]
[Result "1/2-1/2"]
[WhiteElo "2319"]
[BlackElo "2308"]
[PlyCount "78"]
[EventDate "2000.03.19"]
[EventType "team-swiss"]
[EventRounds "9"]
[EventCountry "LBN"]
[SourceTitle "EXT 2020"]
[Source "ChessBase"]
[SourceDate "2019.10.17"]
[SourceVersion "1"]
[SourceVersionDate "2019.10.17"]
[SourceQuality "1"]
[WhiteTeam "Baghdad"]
[BlackTeam "Askhabat"]
[WhiteTeamCountry "IRQ"]
[BlackTeamCountry "TKM"]

1. e4 c5 2. Nf3 Nc6 3. d4 cxd4 4. Nxd4 Nf6 5. Nc3 e5 6. Ndb5 d6 7. Bg5 a6 8. Na3 b5 9. Bxf6 gxf6 10. Nd5 f5 11. Bd3 Be6 12. Qh5 Bg7 13. 0-0 f4 14. c4 bxc4 15. Nxc4 0-0 16. g3 h6 17. gxf4 exf4 18. Nxf4 Bxc4 19. Bxc4 Qf6 20. Nd3 Rae8 21. Rae1 Ne5 22. Nxe5 Rxe5 23. Qh3 Qg6+ 24. Kh1 Rxe4 25. Bxa6 Rxe1 26. Rxe1 Qc2 27. Bd3 Qxb2 28. Qf5 Rd8 29. Rg1 Kf8 30. a4 Qe5 31. Qf3 Rb8 32. Bb5 Qf6 33. Qd5 Qf4 34. Qg2 Be5 35. Bc6 Ke7 36. Qg3 Rg8 37. Qxf4 Rxg1+ 38. Kxg1 Bxf4 39. h3 Bd2 1/2-1/2